Comentarios al Cd̤igo Civil y compilaciones forales

Detalles Bibliográficos
Otros Autores: Albaladejo Garca̕, Manuel (Conductor)
Formato: Desconocido
Lenguaje:español
Publicado: Madrid : EDERSA, D.L. 1985
Materias:
Acceso en línea:Acceso restringido

MARC

LEADER 00000ny a22000003n 4500
005 20110606141150.0
008 970408s1985 sp s 000 0 spa c
020 |a 8471304910 
035 |a 484 
040 |a UMA.CEE  |d vLex 
040 |a UMA.RE  |d vLex 
090 |c 2136  |d 2136 
245 0 0 |a Comentarios al Cd̤igo Civil y compilaciones forales  |h [Recurso electrn̤ico]  |c dirigidos por Manuel Albaladejo 
256 |a Servicio en ln̕ea 
260 |a Madrid :  |b EDERSA,  |c D.L. 1985 
300 |a p. ;  |c 21 cm 
505 0 |t Tomo IV, Artc̕ulos 181 a 332 del Cd̤igo civil (2® edicin̤)/  |r comentados por Manuel Albaladejo Garca̕... [et al.] 
506 1 |a Contenido solo disponible en los productos indicados  |d vLex Global  |d vLex Global (Academic Edition, excluding Law Schools)  |d vLex Global (U.S. Academic Edition, Law Schools)  |d vLex Global (U.S. Academic Edition, excluding Law Schools)  |d vLex Global (Academic Edition, Law Schools) 
650 |a Civil  |2 Tesauro vLex 
650 |a Cd̤igo civil  |2 Tesauro vLex 
700 1 |a Albaladejo Garca̕, Manuel,  |e dir 
740 0 |a vLex Libros (Servicios en ln̕ea) 
856 4 0 |u http://vlex.com/source/484  |z Acceso restringido 
942 |c BOOK